[Event "4th Memorial Warakomska-A 2020"]
[Site "Suwalki"]
[Date "2020.08.12"]
[Round "8.6"]
[White "Shilov, Sergej"]
[Black "Leskiewicz, Ignacy"]
[Result "1-0"]
[WhiteElo "2121"]
[BlackElo "2190"]
[Annotator "ChessBase"]
[PlyCount "129"]
[EventDate "2020.08.06"]
[EventType "swiss"]
[EventCountry "POL"]
[SourceTitle "playchess.com"]
[Source "ChessBase"]
[SourceQuality "1"]
[TimeControl "40/5400+30:1800+30"]

1. d4 {[%emt 0:00:00]} Nf6 {[%emt 0:00:00]} 2. Nf3 {[%emt 0:00:31]} g6 {[%emt 0:00:00]} 3. c4 {[%emt 0:00:18]} Bg7 {[%emt 0:00:07]} 4. Nc3 {[%emt 0:00:06]} d6 {[%emt 0:00:28]} 5. e4 {[%emt 0:00:29]} O-O {[%emt 0:00:42]} 6. Be2 {[%emt 0:00:32]} e5 {[%emt 0:03:04]} 7. O-O {[%emt 0:01:05]} Nc6 {[%emt 0:00:05]} 8. d5 {[%emt 0:01:07]} Ne7 {[%emt 0:00:02]} 9. b4 {[%emt 0:00:10]} Ne8 {[%emt 0:06:57]} 10. c5 {[%emt 0:00:28]} h6 {[%emt 0:07:28]} 11. a4 {[%emt 0:12:45]} f5 {[%emt 0:04:30]} 12. Ba3 {[%emt 0:03:21]} g5 {[%emt 0:10:26]} 13. Rc1 {[%emt 0:02:49]} Ng6 {[%emt 0:17:27]} 14. Nd2 {[%emt 0:18:17]} Nf4 {[%emt 0:13:43]} 15. exf5 {[%emt 0:00:40]} Nxe2+ {[%emt 0:03:55]} 16. Qxe2 {[%emt 0:00:21]} Bxf5 {[%emt 0:01:35]} 17. Nde4 {[%emt 0:00:22]} Rf7 {[%emt 0:04:34]} 18. Rfd1 {[%emt 0:04:29]} Bf8 {[%emt 0:03:10]} 19. b5 {[%emt 0:02:41]} Rh7 {[%emt 0:03:40]} 20. a5 {[%emt 0:03:20]} Qd7 {[%emt 0:01:41]} 21. Bb4 {[%emt 0:07:03]} b6 {[%emt 0:05:48]} 22. cxb6 {[%emt 0:05:03]} axb6 {[%emt 0:00:45]} 23. Ra1 {[%emt 0:01:02]} bxa5 {[%emt 0:05:50]} 24. Bxa5 {[%emt 0:00:27]} Be7 {[%emt 0:00:14]} 25. Qc4 {[%emt 0:01:06]} Bd8 {[%emt 0:00:35]} 26. Bb4 {[%emt 0:01:07]} Rb8 {[%emt 0:00:15]} 27. Ra7 {[%emt 0:01:09]} Rf7 {[%emt 0:00:57]} 28. Ba5 {[%emt 0:03:10]} Qc8 {[%emt 0:01:21]} 29. Ra1 {[%emt 0:05:50]} h5 {[%emt 0:04:21]} 30. Bb4 {[%emt 0:05:44]} h4 {[%emt 0:00:14]} 31. Qc6 {[%emt 0:07:01]} Bd7 {[%emt 0:00:25]} 32. Qc4 {[%emt 0:00:05]} Bf5 {[%emt 0:00:43]} 33. R1a3 {[%emt 0:00:23]} h3 {[%emt 0:00:48]} 34. g3 {[%emt 0:00:59]} Bg6 {[%emt 0:00:33]} 35. Qe2 {[%emt 0:00:39]} Rh7 {[%emt 0:00:32]} 36. g4 {[%emt 0:00:44]} Rf7 {[%emt 0:00:31]} 37. f3 {[%emt 0:00:51]} Rf4 {[%emt 0:00:16]} 38. Ba5 {[%emt 0:00:41]} Rb7 {[%emt 0:00:43]} 39. Ra6 {[%emt 0:00:19]} Kg7 {[%emt 0:00:32]} 40. Nf2 {[%emt 0:00:00]} Nf6 {[%emt 0:00:00]} 41. Nxh3 {[%emt 0:01:25]} Rd4 {[%emt 0:01:33]} 42. Rc6 {[%emt 0:09:10]} Nxd5 {[%emt 0:18:05]} 43. Nxd5 {[%emt 0:04:03]} Rxd5 {[%emt 0:00:01]} 44. b6 {[%emt 0:00:16]} Qd7 {[%emt 0:02:50]} 45. Rc1 {[%emt 0:04:34]} cxb6 {[%emt 0:01:16]} 46. Bd2 {[%emt 0:00:01]} e4 {[%emt 0:05:00]} 47. fxe4 {[%emt 0:02:06]} Rc5 {[%emt 0:03:05]} 48. Rf1 {[%emt 0:02:36]} b5 {[%emt 0:02:00]} 49. Be3 {[%emt 0:00:49]} Re5 {[%emt 0:00:33]} 50. Bd4 {[%emt 0:08:27]} Bb6 {[%emt 0:00:33]} 51. Bxb6 {[%emt 0:00:17]} Rxb6 {[%emt 0:00:01]} 52. Qf2 {[%emt 0:00:01]} b4 {[%emt 0:01:30]} 53. Qf6+ {[%emt 0:00:54]} Kh7 {[%emt 0:00:25]} 54. Nxg5+ {[%emt 0:00:51]} Rxg5 {[%emt 0:00:30]} 55. Rh3+ {[%emt 0:00:10]} Rh5 {[%emt 0:00:33]} 56. gxh5 {[%emt 0:00:34]} Bxe4 {[%emt 0:00:32]} 57. Rg3 {[%emt 0:00:37]} Rb8 {[%emt 0:00:26]} 58. h6 {[%emt 0:00:56]} Qa7+ {[%emt 0:00:37]} 59. Rf2 {[%emt 0:00:35]} Rb7 {[%emt 0:00:07]} 60. h4 {[%emt 0:03:03]} b3 {[%emt 0:00:44]} 61. Qf8 {[%emt 0:00:26]} Bg6 {[%emt 0:00:29]} 62. Rxg6 {[%emt 0:00:43]} Kxg6 {[%emt 0:00:34]} 63. Kh2 {[%emt 0:03:45]} Qd4 {[%emt 0:00:27]} 64. Rg2+ {[%emt 0:00:18]} Kh5 {[%emt 0:00:35]} 65. Qf5+ {[%emt 0:00:09]} 1-0

[Event "4th Memorial Warakomska-A 2020"]
[Site "Suwalki"]
[Date "2020.08.12"]
[Round "8.7"]
[White "Malaczek, Mateusz"]
[Black "Rudzinska, Michalina"]
[Result "1/2-1/2"]
[WhiteElo "2036"]
[BlackElo "2080"]
[Annotator "NA"]
[PlyCount "81"]
[EventDate "2020.08.06"]
[EventType "swiss"]
[EventCountry "POL"]
[SourceTitle "playchess.com"]
[Source "ChessBase"]
[SourceQuality "1"]
[TimeControl "40/5400+30:1800+30"]

1. c4 {[%emt 0:00:00]} e5 {[%emt 0:00:00]} 2. g3 {[%emt 0:00:00]} Nc6 {[%emt 0:00:00]} 3. Bg2 {[%emt 0:00:00]} g6 {[%emt 0:00:00]} 4. Nc3 {[%emt 0:00:16]} Bg7 {[%emt 0:00:00]} 5. d3 {[%emt 0:00:16]} d6 {[%emt 0:00:08]} 6. Rb1 {[%emt 0:08:51]} a5 {[%emt 0:00:14]} 7. a3 {[%emt 0:00:43]} f5 {[%emt 0:00:31]} 8. Nf3 {[%emt 0:09:06]} Nf6 {[%emt 0:00:56]} 9. O-O {[%emt 0:00:10]} O-O {[%emt 0:00:12]} 10. b4 {[%emt 0:00:24]} axb4 {[%emt 0:00:11]} 11. axb4 {[%emt 0:00:07]} Ne7 {[%emt 0:05:14]} 12. Qb3 {[%emt 0:03:08] A26: English Opening vs King's Indian with ...Nc6 and d3.} h6 {[%emt 0:01:55]} 13. c5+ {[%emt 0:11:08]} Kh7 {[%emt 0:00:53]} 14. cxd6 {[%emt 0:02:01]} cxd6 {[%emt 0:04:35] [#]} 15. Bb2 $146 {[%emt 0:03:23]} ({Predecessor:} 15. Ba3 g5 16. b5 Ng6 17. Nd2 Re8 18. Nc4 d5 19. Nd6 Rxa3 20. Qxa3 Bf8 21. Nxb7 Bxb7 {0-1 (41) Ramesa,D (2134)-Barnaure,V (2198) Balatonlelle 2002}) 15... Bd7 {[%emt 0:07:02]} 16. Rfc1 {[%emt 0:14:52]} g5 {[%emt 0:08:30]} 17. b5 {[%emt 0:02:56]} Be8 {[%emt 0:03:38]} 18. Ra1 {[%emt 0:05:27]} Rxa1 {[%emt 0:02:36]} 19. Rxa1 {[%emt 0:00:18]} Qb6 {[%emt 0:04:39]} 20. Qe6 {[%emt 0:18:04]} Ng6 {[%emt 0:08:06]} 21. Na4 {[%emt 0:04:26]} Qxb5 {[%emt 0:08:23]} 22. Qxd6 {[%emt 0:01:23]} Qb3 {[%emt 0:02:03]} 23. Nd2 {[%emt 0:01:29]} Qc2 {[%emt 0:04:56]} 24. Qb4 {[%emt 0:00:20]} Rf7 {[%emt 0:07:40]} 25. Nb6 {[%emt 0:04:22]} Bf8 {[%emt 0:02:52]} 26. Qc3 {[%emt 0:00:13]} Qxc3 {[%emt 0:00:09]} 27. Bxc3 {[%emt 0:00:03]} Bc5 {[%emt 0:00:55]} 28. Ndc4 {[%emt 0:01:04]} f4 {[%emt 0:03:06]} 29. Ra5 {[%emt 0:01:08]} fxg3 {[%emt 0:07:31]} 30. hxg3 {[%emt 0:02:41]} Bxf2+ {[%emt 0:00:47]} 31. Kxf2 {[%emt 0:00:06]} Ne4+ {[%emt 0:00:18]} 32. Ke1 {[%emt 0:00:11]} Nxc3 {[%emt 0:00:06]} 33. Nxe5 {[%emt 0:05:38]} Re7 {[%emt 0:00:59]} 34. d4 {[%emt 0:01:59]} Nxe5 {[%emt 0:02:12]} 35. dxe5 {[%emt 0:00:19]} Bc6 {[%emt 0:02:51]} 36. Bxc6 {[%emt 0:00:47]} bxc6 {[%emt 0:00:06]} 37. Rc5 {[%emt 0:00:37]} Ne4 {[%emt 0:00:24]} 38. Rxc6 {[%emt 0:00:03]} Rxe5 {[%emt 0:01:11]} 39. Rc7+ {[%emt 0:00:55]} Kg6 {[%emt 0:00:19]} 40. g4 {[%emt 0:00:00]} Re6 {[%emt 0:00:00]} 41. Nd5 $11 {[%emt 0:04:10]} 1/2-1/2

[Event "4th Memorial Warakomska-A 2020"]
[Site "Suwalki"]
[Date "2020.08.12"]
[Round "8.8"]
[White "Wolanski, Michal"]
[Black "Backiel, Hubert"]
[Result "0-1"]
[WhiteElo "2019"]
[BlackElo "1943"]
[Annotator "ChessBase"]
[PlyCount "90"]
[EventDate "2020.08.06"]
[EventType "swiss"]
[EventCountry "POL"]
[SourceTitle "playchess.com"]
[Source "ChessBase"]
[SourceQuality "1"]
[TimeControl "40/5400+30:1800+30"]

1. c4 {[%emt 0:00:00]} c5 {[%emt 0:00:00]} 2. Nc3 {[%emt 0:00:00]} Nc6 {[%emt 0:00:00]} 3. g3 {[%emt 0:00:00]} g6 {[%emt 0:00:00]} 4. Bg2 {[%emt 0:00:00]} Bg7 {[%emt 0:00:00]} 5. Nf3 {[%emt 0:00:00]} e6 {[%emt 0:00:14]} 6. d4 {[%emt 0:02:54]} cxd4 {[%emt 0:01:03]} 7. Nb5 {[%emt 0:00:37]} d5 {[%emt 0:00:14]} 8. cxd5 {[%emt 0:00:20]} Qa5+ {[%emt 0:00:19]} 9. Kf1 {[%emt 0:00:14]} Qxb5 {[%emt 0:07:46]} 10. dxc6 {[%emt 0:00:09]} Qxc6 {[%emt 0:04:32]} 11. Nxd4 {[%emt 0:01:04]} Qd7 {[%emt 0:13:20]} 12. Be3 {[%emt 0:01:24]} Ne7 {[%emt 0:00:32]} 13. Nb3 {[%emt 0:28:13]} Bxb2 {[%emt 0:35:53]} 14. Nc5 {[%emt 0:08:43]} Qxd1+ {[%emt 0:06:13]} 15. Rxd1 {[%emt 0:00:09]} Nd5 {[%emt 0:00:02]} 16. Bh6 {[%emt 0:20:37]} Ke7 {[%emt 0:15:40]} 17. e4 {[%emt 0:03:19]} Nc7 {[%emt 0:03:16]} 18. f4 {[%emt 0:12:22]} b6 {[%emt 0:02:54]} 19. Na4 {[%emt 0:00:57]} Ba3 {[%emt 0:00:02]} 20. Bg7 {[%emt 0:00:19]} Ba6+ {[%emt 0:00:20]} 21. Kf2 {[%emt 0:00:27]} Rhd8 {[%emt 0:00:52]} 22. e5 {[%emt 0:01:57]} Rxd1 {[%emt 0:01:02]} 23. Bf6+ {[%emt 0:01:15]} Kf8 {[%emt 0:00:25]} 24. Rxd1 {[%emt 0:00:35]} Rc8 {[%emt 0:00:22]} 25. Bc6 {[%emt 0:06:22]} Ne8 {[%emt 0:00:51]} 26. Bxe8 {[%emt 0:03:10]} Kxe8 {[%emt 0:00:01]} 27. Nc3 {[%emt 0:00:38]} Bc5+ {[%emt 0:00:45]} 28. Kg2 {[%emt 0:00:34]} Be7 {[%emt 0:00:28]} 29. Bxe7 {[%emt 0:03:41]} Kxe7 {[%emt 0:00:04]} 30. Rc1 {[%emt 0:00:13]} b5 {[%emt 0:05:26]} 31. a3 {[%emt 0:01:01]} Bb7+ {[%emt 0:00:15]} 32. Kf2 {[%emt 0:00:01]} a5 {[%emt 0:00:36]} 33. Ke3 {[%emt 0:01:12]} b4 {[%emt 0:00:35]} 34. axb4 {[%emt 0:00:08]} axb4 {[%emt 0:00:01]} 35. Ne2 {[%emt 0:00:20]} Rxc1 {[%emt 0:00:13]} 36. Nxc1 {[%emt 0:00:02]} Bd5 {[%emt 0:00:12]} 37. Kd4 {[%emt 0:01:16]} f6 {[%emt 0:00:22]} 38. Nd3 {[%emt 0:00:29]} b3 {[%emt 0:00:15]} 39. Kc3 {[%emt 0:01:07]} fxe5 {[%emt 0:02:18]} 40. Nxe5 {[%emt 0:00:00]} Kf6 {[%emt 0:00:00]} 41. Nd7+ {[%emt 0:25:57]} Kf5 {[%emt 0:04:49]} 42. Nf8 {[%emt 0:01:35]} h5 {[%emt 0:03:12]} 43. Kd3 {[%emt 0:03:21]} Kg4 {[%emt 0:04:15]} 44. Nxg6 {[%emt 0:01:12]} Be4+ {[%emt 0:00:41]} 45. Kxe4 {[%emt 0:01:05]} b2 {[%emt 0:00:05]} 0-1

[Event "4th Memorial Warakomska-A 2020"]
[Site "Suwalki"]
[Date "2020.08.12"]
[Round "8.9"]
[White "Budzisz, Adrian"]
[Black "Godzwon, Iwo"]
[Result "0-1"]
[WhiteElo "1823"]
[BlackElo "2347"]
[Annotator "ChessBase"]
[PlyCount "76"]
[EventDate "2020.08.06"]
[EventType "swiss"]
[EventCountry "POL"]
[SourceTitle "playchess.com"]
[Source "ChessBase"]
[SourceQuality "1"]
[TimeControl "40/5400+30:1800+30"]

1. e4 {[%emt 0:00:00]} Nf6 {[%emt 0:00:00]} 2. e5 {[%emt 0:00:00]} Nd5 {[%emt 0:00:00]} 3. d4 {[%emt 0:00:04]} d6 {[%emt 0:00:00]} 4. c4 {[%emt 0:00:07]} Nb6 {[%emt 0:00:00]} 5. exd6 {[%emt 0:00:04]} cxd6 {[%emt 0:00:00]} 6. Nc3 {[%emt 0:00:17]} g6 {[%emt 0:00:00]} 7. Be3 {[%emt 0:00:23]} Bg7 {[%emt 0:00:51]} 8. h3 {[%emt 0:00:34]} O-O {[%emt 0:03:17]} 9. Nf3 {[%emt 0:01:01]} Nc6 {[%emt 0:00:27]} 10. a3 {[%emt 0:03:34]} Bf5 {[%emt 0:07:36]} 11. Be2 {[%emt 0:00:50]} d5 {[%emt 0:11:33]} 12. c5 {[%emt 0:01:35]} Nc4 {[%emt 0:00:35]} 13. Bc1 {[%emt 0:03:14]} e5 {[%emt 0:11:55]} 14. dxe5 {[%emt 0:10:45]} N4xe5 {[%emt 0:00:05]} 15. Nxe5 {[%emt 0:16:19]} Bxe5 {[%emt 0:03:41]} 16. O-O {[%emt 0:12:37]} d4 {[%emt 0:10:46]} 17. Nb5 {[%emt 0:05:06]} a6 {[%emt 0:00:57]} 18. Nd6 {[%emt 0:01:27]} Bxd6 {[%emt 0:00:05]} 19. cxd6 {[%emt 0:00:04]} Qxd6 {[%emt 0:00:42]} 20. Bh6 {[%emt 0:00:51]} Rfe8 {[%emt 0:02:01]} 21. Bc4 {[%emt 0:02:32]} b5 {[%emt 0:07:51]} 22. Ba2 {[%emt 0:01:17]} Be6 {[%emt 0:03:25]} 23. Bxe6 {[%emt 0:03:04]} Rxe6 {[%emt 0:00:05]} 24. Rc1 {[%emt 0:02:06]} Rae8 {[%emt 0:07:02]} 25. Qd2 {[%emt 0:12:12]} Ne7 {[%emt 0:11:50]} 26. Bf4 {[%emt 0:05:39]} Qd5 {[%emt 0:00:06]} 27. b4 {[%emt 0:02:25]} Nf5 {[%emt 0:00:32]} 28. Rc5 {[%emt 0:02:24]} Qb3 {[%emt 0:02:43]} 29. Qc1 {[%emt 0:06:06]} Qd3 {[%emt 0:01:40]} 30. Rc7 {[%emt 0:01:29]} Qe4 {[%emt 0:00:38]} 31. f3 {[%emt 0:03:38]} Qd3 {[%emt 0:00:31]} 32. Rd1 {[%emt 0:00:34]} Qb3 {[%emt 0:00:53]} 33. Bg5 {[%emt 0:00:33]} h6 {[%emt 0:04:04]} 34. Bf4 {[%emt 0:00:56]} Kg7 {[%emt 0:01:45]} 35. Rf1 {[%emt 0:00:55]} Re2 {[%emt 0:00:21]} 36. g4 {[%emt 0:01:37]} Ne3 {[%emt 0:01:04]} 37. Rf2 {[%emt 0:01:10]} Rxf2 {[%emt 0:00:06]} 38. Kxf2 {[%emt 0:00:05]} Qa2+ {[%emt 0:00:01]} 0-1

[Event "4th Memorial Warakomska-A 2020"]
[Site "Suwalki"]
[Date "2020.08.12"]
[Round "8.10"]
[White "Szustakowski, Antoni"]
[Black "Rasti, Arvin"]
[Result "1-0"]
[WhiteElo "2295"]
[BlackElo "2139"]
[Annotator "ChessBase"]
[PlyCount "89"]
[EventDate "2020.08.06"]
[EventType "swiss"]
[EventCountry "POL"]
[SourceTitle "playchess.com"]
[Source "ChessBase"]
[SourceQuality "1"]
[TimeControl "40/5400+30:1800+30"]

1. d4 {[%emt 0:00:00]} Nf6 {[%emt 0:00:25]} 2. c4 {[%emt 0:00:00]} c5 {[%emt 0:00:26]} 3. d5 {[%emt 0:00:00]} g6 {[%emt 0:00:06]} 4. Nc3 {[%emt 0:00:01]} Bg7 {[%emt 0:00:09]} 5. e4 {[%emt 0:00:06]} d6 {[%emt 0:00:06]} 6. Nf3 {[%emt 0:00:39]} O-O {[%emt 0:00:09]} 7. Bd3 {[%emt 0:00:10]} e6 {[%emt 0:00:45]} 8. h3 {[%emt 0:00:09]} Na6 {[%emt 0:00:14]} 9. O-O {[%emt 0:00:29]} Nc7 {[%emt 0:00:54]} 10. Be3 {[%emt 0:13:17]} exd5 {[%emt 0:06:39]} 11. exd5 {[%emt 0:00:42]} b5 {[%emt 0:01:58]} 12. Bg5 {[%emt 0:08:37]} h6 {[%emt 0:09:59]} 13. Bh4 {[%emt 0:06:31]} bxc4 {[%emt 0:01:57]} 14. Bxc4 {[%emt 0:00:06]} Rb8 {[%emt 0:00:51]} 15. Qd2 {[%emt 0:00:46]} Ba6 {[%emt 0:02:59]} 16. Bxa6 {[%emt 0:07:59]} Nxa6 {[%emt 0:00:06]} 17. Rfe1 {[%emt 0:01:18]} Qb6 {[%emt 0:09:09]} 18. Bxf6 {[%emt 0:07:40]} Bxf6 {[%emt 0:00:39]} 19. Qxh6 {[%emt 0:00:03]} Qxb2 {[%emt 0:20:00]} 20. Ne4 {[%emt 0:00:15]} Nc7 {[%emt 0:06:18]} 21. Rad1 {[%emt 0:03:12]} Bg7 {[%emt 0:03:55]} 22. Qh4 {[%emt 0:01:01]} Rfe8 {[%emt 0:01:21]} 23. Nxd6 {[%emt 0:02:11]} Rxe1+ {[%emt 0:00:52]} 24. Rxe1 {[%emt 0:00:05]} Qf6 {[%emt 0:09:02]} 25. Qg3 {[%emt 0:05:19]} Nxd5 {[%emt 0:02:48]} 26. Nxf7 {[%emt 0:00:36]} Nf4 {[%emt 0:00:20]} 27. N3g5 {[%emt 0:06:42]} Rb1 {[%emt 0:08:06]} 28. Rxb1 {[%emt 0:09:25]} Ne2+ {[%emt 0:00:08]} 29. Kh2 {[%emt 0:00:03]} Nxg3 {[%emt 0:00:08]} 30. Rb8+ {[%emt 0:00:04]} Bf8 {[%emt 0:00:12]} 31. fxg3 {[%emt 0:01:41]} c4 {[%emt 0:02:54]} 32. h4 {[%emt 0:01:25]} Qc6 {[%emt 0:02:05]} 33. Nd8 {[%emt 0:05:26]} Qd6 {[%emt 0:00:47]} 34. Rc8 {[%emt 0:00:05]} Qd7 {[%emt 0:01:20]} 35. Ra8 {[%emt 0:00:11]} c3 {[%emt 0:06:36]} 36. Nde6 {[%emt 0:00:13]} Qd6 {[%emt 0:00:34]} 37. Rc8 {[%emt 0:02:08]} c2 {[%emt 0:01:20]} 38. Rxc2 {[%emt 0:00:18]} Qd7 {[%emt 0:00:43]} 39. Rc7 {[%emt 0:03:30]} Qe8 {[%emt 0:00:20]} 40. Rxa7 {[%emt 0:00:00]} Bh6 {[%emt 0:00:00]} 41. Nc7 {[%emt 0:05:43]} Qc6 {[%emt 0:01:55]} 42. Ra8+ {[%emt 0:01:27]} Kg7 {[%emt 0:00:31]} 43. Rc8 {[%emt 0:01:35]} Qa4 {[%emt 0:01:49]} 44. Ra8 {[%emt 0:09:30]} Qc4 {[%emt 0:02:36]} 45. Ne8+ {[%emt 0:00:20]} 1-0

[Event "4th Memorial Warakomska-A 2020"]
[Site "Suwalki"]
[Date "2020.08.12"]
[Round "8.11"]
[White "Krasiewicz, Robert"]
[Black "Korbal, Arkadiusz"]
[Result "1-0"]
[WhiteElo "2033"]
[BlackElo "2113"]
[Annotator "ChessBase"]
[PlyCount "141"]
[EventDate "2020.08.06"]
[EventType "swiss"]
[EventCountry "POL"]
[SourceTitle "playchess.com"]
[Source "ChessBase"]
[SourceQuality "1"]
[TimeControl "40/5400+30:1800+30"]

1. d4 {[%emt 0:00:00]} Nf6 {[%emt 0:01:08]} 2. Nf3 {[%emt 0:00:00]} e6 {[%emt 0:00:35]} 3. c4 {[%emt 0:00:00]} d5 {[%emt 0:00:13]} 4. g3 {[%emt 0:01:40]} Be7 {[%emt 0:00:12]} 5. Bg2 {[%emt 0:00:07]} O-O {[%emt 0:00:48]} 6. O-O {[%emt 0:00:10]} dxc4 {[%emt 0:01:03]} 7. Ne5 {[%emt 0:00:28]} Nc6 {[%emt 0:01:51]} 8. Bxc6 {[%emt 0:02:20]} bxc6 {[%emt 0:00:07]} 9. Nxc6 {[%emt 0:00:07]} Qe8 {[%emt 0:00:08]} 10. Nxe7+ {[%emt 0:06:48]} Qxe7 {[%emt 0:00:04]} 11. Qa4 {[%emt 0:00:05]} e5 {[%emt 0:02:13]} 12. dxe5 {[%emt 0:09:05]} Qxe5 {[%emt 0:00:20]} 13. Qxc4 {[%emt 0:01:08]} Be6 {[%emt 0:02:33]} 14. Qc2 {[%emt 0:01:32]} Rab8 {[%emt 0:23:12]} 15. Nc3 {[%emt 0:01:37]} Rb4 {[%emt 0:03:29]} 16. f3 {[%emt 0:04:13]} Bh3 {[%emt 0:08:17]} 17. Rd1 {[%emt 0:05:55]} Qc5+ {[%emt 0:03:13]} 18. e3 {[%emt 0:00:40]} Qh5 {[%emt 0:09:00]} 19. Qf2 {[%emt 0:02:44]} Re8 {[%emt 0:08:38]} 20. Rd3 {[%emt 0:08:35]} Be6 {[%emt 0:00:59]} 21. b3 {[%emt 0:01:37]} Nd7 {[%emt 0:01:13]} 22. e4 {[%emt 0:04:21]} Ne5 {[%emt 0:01:42]} 23. Re3 {[%emt 0:00:18]} Rd8 {[%emt 0:00:51]} 24. Bb2 {[%emt 0:03:34]} c6 {[%emt 0:12:13]} 25. Rd1 {[%emt 0:04:36]} Rbb8 {[%emt 0:00:32]} 26. Qe2 {[%emt 0:03:46]} h6 {[%emt 0:01:19]} 27. Na4 {[%emt 0:04:21]} Nxf3+ {[%emt 0:04:12]} 28. Rxf3 {[%emt 0:02:30]} Rxd1+ {[%emt 0:00:12]} 29. Qxd1 {[%emt 0:00:03]} Bg4 {[%emt 0:00:07]} 30. Kg2 {[%emt 0:00:37]} Qh3+ {[%emt 0:00:19]} 31. Kg1 {[%emt 0:00:32]} Qh5 {[%emt 0:00:17]} 32. Qd6 {[%emt 0:01:22]} Re8 {[%emt 0:01:05]} 33. Rf4 {[%emt 0:04:44]} Bh3 {[%emt 0:01:08]} 34. Qd4 {[%emt 0:02:11]} f6 {[%emt 0:01:03]} 35. Kf2 {[%emt 0:02:32]} Be6 {[%emt 0:01:12]} 36. h4 {[%emt 0:00:28]} Qa5 {[%emt 0:02:30]} 37. Bc3 {[%emt 0:01:51]} Qc7 {[%emt 0:00:06]} 38. Nc5 {[%emt 0:01:33]} Bc8 {[%emt 0:00:06]} 39. e5 {[%emt 0:03:03]} fxe5 {[%emt 0:00:43]} 40. Qc4+ {[%emt 0:00:00]} Kh8 {[%emt 0:00:00]} 41. Rf7 {[%emt 0:07:32]} Qd6 {[%emt 0:01:10]} 42. b4 {[%emt 0:03:50]} Qg6 {[%emt 0:02:06]} 43. Bxe5 {[%emt 0:02:06]} Be6 {[%emt 0:03:13]} 44. Rxg7 {[%emt 0:02:33]} Bxc4 {[%emt 0:00:10]} 45. Rxg6+ {[%emt 0:00:26]} Rxe5 {[%emt 0:00:06]} 46. Rxh6+ {[%emt 0:00:29]} Kg8 {[%emt 0:00:19]} 47. Rxc6 {[%emt 0:01:21]} Re2+ {[%emt 0:00:07]} 48. Kf3 {[%emt 0:00:53]} Rxa2 {[%emt 0:00:09]} 49. Rc8+ {[%emt 0:01:35]} Kh7 {[%emt 0:01:39]} 50. Rc7+ {[%emt 0:00:10]} Kg8 {[%emt 0:00:21]} 51. Nd7 {[%emt 0:03:49]} Be2+ {[%emt 0:00:06]} 52. Ke3 {[%emt 0:01:41]} Bd1 {[%emt 0:00:05]} 53. Nf6+ {[%emt 0:00:23]} Kf8 {[%emt 0:00:05]} 54. h5 {[%emt 0:00:24]} Ra6 {[%emt 0:01:13]} 55. Nd7+ {[%emt 0:01:28]} Ke8 {[%emt 0:01:32]} 56. Ne5 {[%emt 0:00:58]} Ra3+ {[%emt 0:05:09]} 57. Kf4 {[%emt 0:00:50]} Bxh5 {[%emt 0:00:26]} 58. g4 {[%emt 0:00:17]} Bxg4 {[%emt 0:00:05]} 59. Kxg4 {[%emt 0:01:28]} a5 {[%emt 0:03:24]} 60. Nc4 {[%emt 0:00:50]} Ra4 {[%emt 0:01:29]} 61. bxa5 {[%emt 0:00:29]} Kd8 {[%emt 0:00:33]} 62. Rc5 {[%emt 0:00:11]} Ra1 {[%emt 0:00:07]} 63. Kf4 {[%emt 0:00:13]} Ra2 {[%emt 0:00:20]} 64. Ke4 {[%emt 0:00:11]} Ra1 {[%emt 0:00:06]} 65. Kd4 {[%emt 0:00:18]} Rd1+ {[%emt 0:00:12]} 66. Kc3 {[%emt 0:00:07]} Ra1 {[%emt 0:00:19]} 67. Kb4 {[%emt 0:00:31]} Rb1+ {[%emt 0:00:10]} 68. Ka4 {[%emt 0:00:03]} Ra1+ {[%emt 0:00:29]} 69. Na3 {[%emt 0:00:02]} Rh1 {[%emt 0:00:09]} 70. a6 {[%emt 0:00:12]} Rh6 {[%emt 0:00:24]} 71. Kb5 {[%emt 0:00:10]} 1-0

[Event "4th Memorial Warakomska-A 2020"]
[Site "Suwalki"]
[Date "2020.08.12"]
[Round "8.12"]
[White "Jarocka, Liwia"]
[Black "Jakhari, Ansh"]
[Result "1-0"]
[WhiteElo "1934"]
[BlackElo "1908"]
[Annotator "ChessBase"]
[PlyCount "75"]
[EventDate "2020.08.06"]
[EventType "swiss"]
[EventCountry "POL"]
[SourceTitle "playchess.com"]
[Source "ChessBase"]
[SourceQuality "1"]
[TimeControl "40/5400+30:1800+30"]

1. d4 {[%emt 0:00:00]} Nf6 {[%emt 0:00:34]} 2. c4 {[%emt 0:00:03]} e6 {[%emt 0:00:10]} 3. g3 {[%emt 0:00:26]} c5 {[%emt 0:00:25]} 4. Nf3 {[%emt 0:00:32]} cxd4 {[%emt 0:00:54]} 5. Nxd4 {[%emt 0:00:09]} Bb4+ {[%emt 0:00:19]} 6. Bd2 {[%emt 0:00:50]} Bxd2+ {[%emt 0:02:15]} 7. Qxd2 {[%emt 0:01:42]} a6 {[%emt 0:02:25]} 8. Bg2 {[%emt 0:00:46]} O-O {[%emt 0:00:39]} 9. Nc3 {[%emt 0:00:43]} Nc6 {[%emt 0:00:57]} 10. O-O {[%emt 0:01:13]} Qc7 {[%emt 0:04:58]} 11. Rac1 {[%emt 0:10:33]} d6 {[%emt 0:04:18]} 12. Rfd1 {[%emt 0:01:49]} Rd8 {[%emt 0:01:45]} 13. Nd5 {[%emt 0:05:52]} exd5 {[%emt 0:03:55]} 14. cxd5 {[%emt 0:00:06]} Nxd5 {[%emt 0:00:08]} 15. Bxd5 {[%emt 0:00:06]} Bd7 {[%emt 0:00:08]} 16. Qf4 {[%emt 0:05:14]} Rf8 {[%emt 0:02:32]} 17. Nxc6 {[%emt 0:03:11]} bxc6 {[%emt 0:00:06]} 18. Bb3 {[%emt 0:01:13]} Rad8 {[%emt 0:02:53]} 19. Qxd6 {[%emt 0:00:58]} Qb6 {[%emt 0:00:41]} 20. Qe7 {[%emt 0:00:53]} Qc7 {[%emt 0:03:48]} 21. Rd2 {[%emt 0:02:07]} a5 {[%emt 0:05:47]} 22. Rcd1 {[%emt 0:00:55]} a4 {[%emt 0:00:07]} 23. Bc4 {[%emt 0:01:00]} Qb6 {[%emt 0:01:00]} 24. Rxd7 {[%emt 0:00:26]} Rxd7 {[%emt 0:00:13]} 25. Rxd7 {[%emt 0:00:46]} Qb8 {[%emt 0:00:30]} 26. Bxf7+ {[%emt 0:00:16]} Kh8 {[%emt 0:00:04]} 27. Bc4 {[%emt 0:00:46]} Rg8 {[%emt 0:00:34]} 28. Bxg8 {[%emt 0:00:06]} Qxg8 {[%emt 0:00:06]} 29. Rd8 {[%emt 0:00:06]} h6 {[%emt 0:00:11]} 30. Rxg8+ {[%emt 0:00:05]} Kxg8 {[%emt 0:00:05]} 31. e4 {[%emt 0:00:17]} c5 {[%emt 0:00:13]} 32. e5 {[%emt 0:00:11]} c4 {[%emt 0:00:04]} 33. e6 {[%emt 0:00:12]} a3 {[%emt 0:00:05]} 34. Qf7+ {[%emt 0:00:07]} Kh7 {[%emt 0:00:06]} 35. Qf5+ {[%emt 0:00:09]} g6 {[%emt 0:00:14]} 36. Qf7+ {[%emt 0:00:08]} Kh8 {[%emt 0:00:05]} 37. e7 {[%emt 0:00:23]} axb2 {[%emt 0:00:10]} 38. e8=R# {[%emt 0:00:06]} 1-0